000
00305nam a2200109 a 4500
005
20140414131915.0
008
100915s19uu xx 00 eng d
050
_a
FIC
_b
C16 2007
245
_a
Can you keep a secret /
_c
edited by Lois Metzger.
260
_a
New York :
_b
Scholastic ,
_c
2007.
999
_c
111404
_d
111404